Function of a complex variable / (Record no. 543855)

000 -LEADER
fixed length control field 00414nam a22001457a 4500
082 ## - DEWEY DECIMAL CLASSIFICATION NUMBER
Classification number 515.9
Author Mark GOU
-- L-21, P-31
100 ## - MAIN ENTRY--PERSONAL NAME
Personal name Goursat, Edouard
9 (RLIN) 39353
245 ## - TITLE STATEMENT
Title Function of a complex variable /
260 ## - PUBLICATION, DISTRIBUTION, ETC.
Place of publication, distribution, etc. Boston:
Name of publisher, distributor, etc. Ginn and company
Date of publication, distribution, etc. c1916
300 ## - PHYSICAL DESCRIPTION
Extent x, 258 p.:
Dimensions 19cm
526 ## - STUDY PROGRAM INFORMATION NOTE
Program name 0
Interest level 0
Reading level 0
Title point value 515_900000000000000_GOU
526 ## - STUDY PROGRAM INFORMATION NOTE
Program name 0
Interest level 0
Reading level 0
Title point value 515_900000000000000_GOU
650 ## - SUBJECT ADDED ENTRY--TOPICAL TERM
Topical term or geographic name entry element MCE
9 (RLIN) 379
942 ## - ADDED ENTRY ELEMENTS (KOHA)
Source of classification or shelving scheme
Koha item type Book
Holdings
Withdrawn status Lost status Source of classification or shelving scheme Damaged status Not for loan Permanent Location Current Location Date acquired Total Checkouts Full call number Barcode Date last seen Date last checked out Price effective from Koha item type
          Military College of Engineering (MCE) Military College of Engineering (MCE) 04/04/2014 2 515.9 GOU MCE-101 11/16/2020 11/16/2020 03/14/2021 Book
          Military College of Engineering (MCE) Military College of Engineering (MCE) 04/04/2014   515.9 GOU MCE-100/1 04/04/2014   03/14/2021 Book
© 2023 Central Library, National University of Sciences and Technology. All Rights Reserved.